000 00769cam a2200217 a 4500
001 000008079
005 20200929154425.0
008 741022s1968 ve 000 0 spa
040 _aDO-SdBNP
_bspa
_cBNPHU
082 _aV863.42
_bL579ó
100 1 _aLeón, Jesús Alberto,
_d1940-
_921984
245 1 0 _aOtra memoria :
_brelatos /
_cJesús Alberto León.
260 _aCaracas :
_bMonte Avila,
_c1968.
300 _a137 p. ;
_c18 cm.
490 1 _aContinente
500 _aIncluye bibliografía del autor en la contracubierta.
505 0 _aOtra memoria -- Distancia -- Gesta -- La amistad -- La sombra de tu sonrisa -- Martingala -- Fiestos de guardar.
650 4 _aCuentos venezolanos
_93815
650 4 _aLiteratura venezolana
_93816
830 0 _aContinente
_95070
999 _c7856
_d7856